[Event "European Blitz 2016"]
[Site "Tallinn EST"]
[Date "2016.12.18"]
[Round "19.7"]
[White "Plat, Vojtech"]
[Black "Zhigalko, Sergei"]
[Result "0-1"]
[WhiteTitle "IM"]
[BlackTitle "GM"]
[WhiteElo "2532"]
[BlackElo "2671"]
[WhiteFideId "325740"]
[BlackFideId "13502956"]
[EventDate "2016.12.17"]

1. e4 c5 2. Nf3 Nc6 3. c3 Nf6 4. e5 Nd5 5. d4 cxd4 6. Bc4 Nb6 7. Bb3 g6 8. cxd4
Bg7 9. O-O O-O 10. Bf4 d5 11. Nc3 Bg4 12. Be3 f6 13. exf6 Rxf6 14. Re1 Qd7 15.
Bg5 Rf5 16. Bh4 Raf8 17. Re3 Bxf3 18. gxf3 Bxd4 19. Rd3 Bxc3 20. Rxc3 Ne5 21.
Bg3 Nxf3+ 22. Kh1 Qe6 23. Re3 Qf6 24. Qd3 h5 25. Bd1 h4 26. Bc7 Qxb2 27. Rb1
Qxf2 28. Rxf3 Qe1+ 29. Kg2 Rg5+ 30. Kh3 Qe6+ 31. Rf5 Rfxf5 32. Bg4 Rxg4 33. Kxg4
Rf1+ 34. Kg5 Qf6+ 35. Kg4 Qf5+ 0-1

[Event "European Blitz 2016"]
[Site "Tallinn EST"]
[Date "2016.12.18"]
[Round "19.8"]
[White "Anton Guijarro, David"]
[Black "Riazantsev, Alexander"]
[Result "1/2-1/2"]
[WhiteTitle "GM"]
[BlackTitle "GM"]
[WhiteElo "2650"]
[BlackElo "2671"]
[WhiteFideId "2285525"]
[BlackFideId "4125029"]
[EventDate "2016.12.17"]

1. d4 Nf6 2. c4 e6 3. Nf3 b6 4. g3 Bb4+ 5. Bd2 Be7 6. Bg2 c6 7. Bc3 d5 8. Nbd2
O-O 9. O-O Nbd7 10. Qc2 a5 11. b3 Bb7 12. e4 h6 13. Rfe1 Rc8 14. Rad1 Qc7 15. h4
Rfe8 16. e5 Nh7 17. Nf1 c5 18. dxc5 Nxc5 19. Bd4 Qb8 20. Ne3 dxc4 21. bxc4 Qa8
22. Nd2 Red8 23. Bxb7 Qxb7 24. Nb3 Nf8 25. Bxc5 Bxc5 26. Nxc5 bxc5 27. Rb1 Qf3
28. Qe2 Qe4 29. Rb5 Qxe5 30. Rxa5 Ra8 31. Rb5 Ra7 32. Qc2 Rda8 33. Rb2 Nd7 34.
Re2 Qc7 35. Ng4 h5 36. Nh2 Ne5 37. Qe4 Nc6 38. Nf3 g6 39. Qe3 Qe7 40. Qh6 Qf6
41. Rb3 Rxa2 42. Rxa2 Rxa2 43. Qe3 Nd4 44. Nxd4 cxd4 45. Qe1 d3 46. Rxd3 Kg7 47.
Rd1 e5 48. c5 e4 49. Rc1 Qc6 50. Qe3 Ra4 51. Qf4 Kg8 52. Qe5 Ra8 53. Rd1 Re8 54.
Qd4 Rc8 55. Rc1 Re8 56. Qe3 Rd8 57. Rc4 Re8 58. Kg2 Re6 59. Rc3 Re8 60. Kg1 Rd8
61. Kg2 Rc8 62. Kg1 Qd5 63. Rc1 Rc6 64. Kg2 Rf6 65. Kg1 Rf3 66. Qg5 Qc6 67. Qd8+
Kh7 68. Qd6 Qxd6 69. cxd6 Rd3 70. Rc7 Kg7 71. d7 Kf6 72. Kf1 Ke6 73. Rc4 Kf5 74.
Rc7 Ke6 75. Rc4 Ke5 76. Rc7 Ke6 77. Rc4 Kf5 78. Rc7 Ke6 79. Rc4 Kf5 80. Rc7 Ke6 1/2-1/2

[Event "European Blitz 2016"]
[Site "Tallinn EST"]
[Date "2016.12.18"]
[Round "19.9"]
[White "Rakhmanov, Aleksandr"]
[Black "Alekseev, Evgeny"]
[Result "0-1"]
[WhiteTitle "GM"]
[BlackTitle "GM"]
[WhiteElo "2667"]
[BlackElo "2632"]
[WhiteFideId "4173708"]
[BlackFideId "4138147"]
[EventDate "2016.12.17"]

1. d4 d5 2. Bf4 Nf6 3. e3 c5 4. c3 Nc6 5. Nd2 Bf5 6. Ngf3 e6 7. Be2 h6 8. O-O
Be7 9. dxc5 Bxc5 10. c4 O-O 11. a3 Be7 12. cxd5 Nxd5 13. Bg3 Bh7 14. Nc4 Qd7 15.
Nfe5 Nxe5 16. Nxe5 Qd8 17. Bf3 Rc8 18. Qb3 Bf6 19. Qxb7 Rb8 20. Qxa7 Rxb2 21.
Rad1 Qa8 22. Qxa8 Rxa8 23. Bxd5 exd5 24. Rxd5 Bf5 25. Nd3 Rd2 26. Nb4 Rxd5 27.
Nxd5 Bd8 28. Bd6 Be6 29. Nf4 Bf5 30. Bb4 Rc8 31. Rd1 Bg5 32. Nd5 Re8 33. h3 Kh7
34. Rd4 Ra8 35. Ne7 Be6 36. Nd5 Rc8 37. Rd1 Rd8 38. Nc3 Rc8 39. Ne4 Bd8 40. Nd6
Ra8 41. g4 Bf6 42. Kg2 Be5 43. f4 Bb2 44. Rd3 f6 45. f5 Bg8 46. Kf3 Ra6 47. e4
Be5 48. h4 Ra8 49. h5 Ra6 50. Ke3 Ra8 51. Rd2 Bb3 52. Nb5 Bc4 53. Nd4 Bg8 54.
Ne6 Bf7 55. Rd8 Rxd8 56. Nxd8 Bb3 57. Nc6 Bc7 58. Nd4 Bb6 59. Bc3 Bd1 60. Kf4
Bc7+ 61. Ke3 Bxg4 62. Ne6 Bb6+ 63. Kf4 Bxh5 64. a4 Be2 65. a5 Bg1 66. Bd4 Bh2+
67. Ke3 Bc4 68. Nf8+ Kg8 69. Ne6 h5 70. Bb6 h4 71. Kf3 h3 72. Nc5 Be5 73. a6 h2
74. Kg2 Bf1+ 75. Kh1 Be2 0-1

[Event "European Blitz 2016"]
[Site "Tallinn EST"]
[Date "2016.12.18"]
[Round "19.10"]
[White "Movsesian, Sergei"]
[Black "Zorko, Jure"]
[Result "1-0"]
[WhiteTitle "GM"]
[BlackTitle "IM"]
[WhiteElo "2673"]
[BlackElo "2454"]
[WhiteFideId "310204"]
[BlackFideId "14604051"]
[EventDate "2016.12.17"]

1. e4 e5 2. Nf3 Nc6 3. Bc4 Bc5 4. O-O Nf6 5. d3 a6 6. c3 Ba7 7. h3 h6 8. Bb3 d6
9. Re1 O-O 10. Nbd2 Re8 11. Nf1 Be6 12. Bc2 d5 13. Bd2 dxe4 14. dxe4 Nd7 15.
N3h2 Ne7 16. Qf3 Ng6 17. Ng4 a5 18. Ng3 Nh4 19. Qe2 Ng6 20. Rad1 Qe7 21. Nf5 Qf8
22. Qf3 Rad8 23. Qg3 Kh8 24. h4 Bxf5 25. exf5 Nf4 26. Bxf4 exf4 27. Qxf4 f6 28.
Qxc7 Nc5 29. Qxa5 Rxd1 30. Rxd1 Bb8 31. Qb5 Qe7 32. Ne3 Na6 33. Rd7 Qc5 34. Rxb7
Qxb5 35. Rxb5 Bf4 36. Bb3 Bxe3 37. fxe3 h5 38. Kf2 Nc7 39. Rb7 Na6 40. Bf7 Rd8
41. b4 Nb8 42. b5 Nd7 43. Rc7 Ne5 44. Be6 Rd2+ 45. Kg3 Rb2 46. a4 Ng4 47. Rc8+
Kh7 48. Bg8+ Kh6 49. Bf7 g5 50. fxg6 Nxe3 51. Rh8+ Kg7 52. Rh7+ Kf8 53. Be6
Rxg2+ 54. Kf3 Rg1 55. g7+ 1-0

[Event "European Blitz 2016"]
[Site "Tallinn EST"]
[Date "2016.12.18"]
[Round "19.11"]
[White "Kovalenko, Igor"]
[Black "Ponomariov, Ruslan"]
[Result "0-1"]
[WhiteTitle "GM"]
[BlackTitle "GM"]
[WhiteElo "2684"]
[BlackElo "2709"]
[WhiteFideId "14117908"]
[BlackFideId "14103320"]
[EventDate "2016.12.17"]

1. c4 e5 2. Nc3 Nf6 3. Nf3 Nc6 4. g3 Bc5 5. Bg2 d6 6. e3 a6 7. O-O O-O 8. a3 Ba7
9. b3 Bf5 10. d3 Qd7 11. Ng5 h6 12. Nge4 Nxe4 13. dxe4 Bh3 14. Bxh3 Qxh3 15. Nd5
Qd7 16. Qd3 Nd8 17. Kg2 c6 18. Nc3 Ne6 19. f4 Rad8 20. Ra2 b5 21. cxb5 axb5 22.
b4 Qb7 23. Rd1 Rfe8 24. h4 h5 25. Qe2 g6 26. f5 Nf8 27. g4 d5 28. gxh5 d4 29.
Nb1 gxf5 30. exf5 Nh7 31. e4 Kh8 32. Kh3 Rg8 33. Bh6 Qe7 34. Nd2 Qf6 35. Bg5
Nxg5+ 36. hxg5 Qxg5 37. Qf3 Rd6 38. Nf1 Bb6 39. Rg2 Qxg2+ 40. Qxg2 Rxg2 41. Kxg2
c5 42. bxc5 Bxc5 43. Rb1 Bxa3 44. Rxb5 d3 45. Rd5 Rxd5 46. exd5 e4 47. Kf2 Bc5+
48. Ke1 e3 49. Nxe3 Bxe3 50. d6 Kg7 51. d7 Bg5 52. Kf2 Kh6 53. f6 Bxf6 54. Ke3
Kxh5 55. Kxd3 Bd8 56. Ke4 Kg4 0-1

[Event "European Blitz 2016"]
[Site "Tallinn EST"]
[Date "2016.12.18"]
[Round "19.12"]
[White "Cvitan, Ognjen"]
[Black "Onischuk, Vladimir"]
[Result "0-1"]
[WhiteTitle "GM"]
[BlackTitle "GM"]
[WhiteElo "2491"]
[BlackElo "2601"]
[WhiteFideId "14500086"]
[BlackFideId "14114038"]
[EventDate "2016.12.17"]

1. d4 d6 2. Nf3 g6 3. c4 Bg7 4. Nc3 Nc6 5. d5 Ne5 6. Nxe5 Bxe5 7. e4 Nf6 8. Bd3
O-O 9. O-O e6 10. h3 exd5 11. exd5 Nd7 12. Bh6 Re8 13. Qd2 Nc5 14. Bc2 a5 15.
Rae1 Bd7 16. b3 Qf6 17. Ne2 b6 18. Bg5 Qh8 19. Be3 Bf6 20. Nd4 Ne4 21. Bxe4 Rxe4
22. Nf3 Rae8 23. Bg5 Bc3 24. Rxe4 Bxd2 25. Nxd2 h6 26. Rxe8+ Bxe8 27. Re1 Bd7
28. Bd8 Qc3 29. Nf3 Bxh3 30. Bxc7 Bg4 31. Bxd6 Bxf3 32. Re8+ Kh7 33. Be5 Qe1+
34. Kh2 f6 35. Re7+ Kg8 36. Bxf6 Qxf2 37. Rg7+ Kf8 38. Rxg6 Be4 39. Bg7+ Kf7 40.
Rg4 Bf5 41. Rg3 Qxg3+ 42. Kxg3 Kxg7 43. a3 Be4 44. Kf2 Kf6 45. g3 Bc2 46. b4
axb4 47. axb4 Bb3 0-1

[Event "European Blitz 2016"]
[Site "Tallinn EST"]
[Date "2016.12.18"]
[Round "19.13"]
[White "Matlakov, Maxim"]
[Black "Dzhumagaliev, Yan"]
[Result "1-0"]
[WhiteTitle "GM"]
[BlackTitle "FM"]
[WhiteElo "2694"]
[BlackElo "2400"]
[WhiteFideId "4168003"]
[BlackFideId "24100110"]
[EventDate "2016.12.17"]

1. Nf3 d5 2. g3 Nc6 3. d4 Bf5 4. c4 e6 5. Bg2 Nb4 6. O-O Nc2 7. cxd5 Nxa1 8. e4
Bxe4 9. dxe6 f6 10. Nc3 Bc2 11. Qe2 c6 12. d5 Ne7 13. Nd4 Bg6 14. Bf4 Qb6 15.
dxc6 Nxc6 16. Ndb5 O-O-O 17. e7 Nxe7 18. Qc4+ Nc6 19. Nxa7+ Qxa7 20. Bxc6 b5 21.
Qe6+ Rd7 22. Nxb5 Qd4 23. Nxd4 1-0

[Event "European Blitz 2016"]
[Site "Tallinn EST"]
[Date "2016.12.18"]
[Round "19.14"]
[White "Grigoriants, Sergey"]
[Black "Navara, David"]
[Result "0-1"]
[WhiteTitle "GM"]
[BlackTitle "GM"]
[WhiteElo "2563"]
[BlackElo "2725"]
[WhiteFideId "4130804"]
[BlackFideId "309095"]
[EventDate "2016.12.17"]

1. e4 c5 2. Nc3 Nc6 3. Nf3 g6 4. d4 cxd4 5. Nxd4 Bg7 6. Be3 Nf6 7. Bc4 O-O 8.
Bb3 d6 9. f3 Bd7 10. Qd2 Nxd4 11. Bxd4 b5 12. a4 bxa4 13. Nxa4 Be6 14. Bxe6 fxe6
15. O-O Qc7 16. Kh1 Rfc8 17. Nc3 a6 18. Ra2 Qc4 19. Qd3 Rab8 20. Rd1 Nxe4 21.
Qxe4 Bxd4 22. Qxd4 Qxd4 23. Rxd4 Rxc3 24. Rd2 Rc6 25. Kg1 Rbc8 26. c3 e5 27. Kf2
Kf7 28. Ke2 g5 29. Rd5 Rb8 30. Kd3 Ke6 31. Rda5 h5 32. b4 Rbb6 33. h3 Kf5 34.
R2a4 e6 35. g3 d5 36. Ra2 h4 37. gxh4 gxh4 38. Rg2 Rc4 39. Rg8 Rbc6 40. Ra3 e4+
41. fxe4+ Rxe4 42. Ra1 Rec4 43. Rf8+ Ke5 44. Ra3 Rf4 45. Rxf4 Kxf4 46. Kd4 Rc4+
47. Kd3 Rc6 48. Kd4 Rc4+ 49. Kd3 Kg3 50. Rxa6 Kxh3 51. Rxe6 Kg3 52. Rg6+ Kf3 53.
Rf6+ Rf4 54. Rh6 Kg3 55. b5 h3 56. b6 Rf7 57. Kd4 h2 58. Kxd5 Rf5+ 59. Kc4 Rf4+
60. Kd3 Rf3+ 61. Kc4 Rf4+ 62. Kd3 Rf3+ 63. Kd4 Rf4+ 64. Kd3 Rf6 65. Rxf6 h1=Q
66. Rd6 Qd1+ 0-1

[Event "European Blitz 2016"]
[Site "Tallinn EST"]
[Date "2016.12.18"]
[Round "19.15"]
[White "Potkin, Vladimir"]
[Black "Munoz, Miguel"]
[Result "1/2-1/2"]
[WhiteTitle "GM"]
[BlackTitle "GM"]
[WhiteElo "2597"]
[BlackElo "2473"]
[WhiteFideId "4131061"]
[BlackFideId "3800229"]
[EventDate "2016.12.17"]

1. e4 d5 2. exd5 Qxd5 3. Nc3 Qa5 4. d4 Nf6 5. Nf3 Bg4 6. h3 Bxf3 7. Qxf3 c6 8.
Bd2 Nbd7 9. O-O-O e6 10. Bc4 Bb4 11. a3 Bxc3 12. Bxc3 Qc7 13. Bd2 O-O 14. Rhe1
a5 15. g4 Rfe8 16. g5 Nd5 17. h4 b5 18. Bd3 b4 19. a4 c5 20. dxc5 Nxc5 21. Bb5
Red8 22. Kb1 Rac8 23. h5 Qb6 24. g6 fxg6 25. hxg6 hxg6 26. Bg5 Rf8 27. Qh3 Rf5
28. Bc1 Kf7 29. Rg1 Qc7 30. Qg4 Qe5 31. Rde1 Qf6 32. Bg5 Rxg5 33. Qxg5 Qxg5 34.
Rxg5 Kf6 35. Rge5 Rc7 36. Bc4 Nf4 37. Bb5 g5 38. R5e3 Kf5 39. Rg1 Ne4 40. Bd3
Nxd3 41. Rxd3 Nf6 42. Rf3+ Kg6 43. Re3 Kf5 44. Rge1 g4 45. Re5+ Kf4 46. Rxe6 Kf3
47. R1e2 Rd7 48. R6e3+ Kf4 49. Rd3 Rc7 50. c3 bxc3 51. bxc3 Rc6 52. Kc2 Kf5 53.
Rd4 Rc5 54. Kd3 Nd5 55. Rc4 Nf4+ 56. Rxf4+ Kxf4 57. Kd4 Rc8 58. Re3 Rd8+ 59. Kc4
Rd2 60. Re7 Rxf2 61. Rxg7 Re2 62. Kb5 Re5+ 63. Kb6 g3 64. c4 Rg5 65. Rf7+ Ke3
66. Rf1 g2 67. Rg1 Kd4 68. c5 Rxc5 69. Rxg2 Rf5 70. Rc2 Rg5 71. Ka6 Rf5 72. Kb6
Rg5 73. Rc8 Rf5 74. Ra8 Kc4 75. Rxa5 Rf6+ 76. Kb7 Rf7+ 77. Kc6 Rf6+ 78. Kd7 Kb4
79. Ra8 Rf5 80. Kc6 Ra5 81. Rxa5 Kxa5 82. Kc5 Kxa4 1/2-1/2

[Event "European Blitz 2016"]
[Site "Tallinn EST"]
[Date "2016.12.18"]
[Round "19.16"]
[White "Kozul, Zdenko"]
[Black "Marin, Mihail"]
[Result "0-1"]
[WhiteTitle "GM"]
[BlackTitle "GM"]
[WhiteElo "2613"]
[BlackElo "2539"]
[WhiteFideId "14502879"]
[BlackFideId "1200020"]
[EventDate "2016.12.17"]

1. Nf3 Nf6 2. c4 c5 3. Nc3 e6 4. e3 d5 5. d4 a6 6. a3 dxc4 7. Bxc4 b5 8. Ba2 Bb7
9. O-O Nbd7 10. e4 cxd4 11. Nxd4 Bc5 12. Be3 O-O 13. f3 Qe7 14. Qe2 Rac8 15.
Rfd1 Rfd8 16. Nb3 Bxe3+ 17. Qxe3 Ne5 18. Na5 Ba8 19. Rd4 Qc7 20. Rxd8+ Rxd8 21.
Nb3 Nc4 22. Qc5 Qb8 23. Rb1 Rc8 24. Qd4 e5 25. Qf2 Nxa3 26. bxa3 Rxc3 27. Rd1 h6
28. Qd2 Rc8 29. Kf1 Qb6 30. Qd6 Qxd6 31. Rxd6 Bb7 32. Na5 Rc1+ 33. Ke2 Rc2+ 34.
Rd2 Rxd2+ 35. Kxd2 Bc8 36. Nc6 Kf8 37. Nxe5 Be6 38. Bxe6 fxe6 39. Kc3 a5 40. Kd4
Nh5 41. g3 Nf6 42. Kc5 b4 43. a4 g5 44. g4 Ke7 45. Kb5 Nd7 46. Nd3 b3 47. Kc4
Ne5+ 48. Kc3 Nxf3 49. h3 Ng1 50. Nf2 Kd6 51. Kxb3 Kc5 52. Kc3 Ne2+ 53. Kd2 Nf4
54. Kc3 e5 55. Nd1 Nxh3 56. Ne3 Nf2 57. Nf5 Nxe4+ 58. Kc2 Nf6 59. Nxh6 Kd4 60.
Nf7 Nxg4 61. Nxg5 e4 62. Ne6+ Kc4 63. Kd2 Kb4 64. Ng5 e3+ 65. Kd3 Kxa4 66. Ke2
Kb3 67. Kf3 a4 68. Kxg4 e2 69. Nf3 a3 70. Nd4+ Kb2 0-1

[Event "European Blitz 2016"]
[Site "Tallinn EST"]
[Date "2016.12.18"]
[Round "19.17"]
[White "Kobalia, Mikhail"]
[Black "Zelbel, Patrick"]
[Result "1-0"]
[WhiteTitle "GM"]
[BlackTitle "IM"]
[WhiteElo "2628"]
[BlackElo "2448"]
[WhiteFideId "4119150"]
[BlackFideId "24624322"]
[EventDate "2016.12.17"]

1. e4 e5 2. Nf3 Nc6 3. Bc4 Nf6 4. d3 Bc5 5. O-O O-O 6. a4 a6 7. h3 h6 8. Re1 d6
9. c3 Be6 10. Bxe6 fxe6 11. Nbd2 Qe8 12. Nf1 Nh5 13. b4 Bb6 14. Be3 Bxe3 15.
Nxe3 Nf4 16. Kh2 Qh5 17. Ng1 Qg5 18. g3 Ng6 19. Ra2 Rf7 20. Qg4 Qxg4 21. hxg4
Raf8 22. Kg2 Nce7 23. b5 Ra8 24. b6 c6 25. Nc4 Rd8 26. d4 Nc8 27. a5 exd4 28.
cxd4 d5 29. exd5 exd5 30. Ne5 Nxe5 31. dxe5 g5 32. Ne2 d4 33. Rc1 d3 34. Nc3 Re7
35. f4 gxf4 36. gxf4 Rd4 37. Kg3 d2 38. Rd1 Rd3+ 39. Kh4 Rxc3 40. Raxd2 Kf7 41.
f5 Rxe5 42. Rd7+ Re7 43. Rc7 Re3 44. Rxc8 R3e5 45. Rdd8 Rxa5 46. Rf8+ 1-0

[Event "European Blitz 2016"]
[Site "Tallinn EST"]
[Date "2016.12.18"]
[Round "19.18"]
[White "Sychev, Klementy"]
[Black "Grandelius, Nils"]
[Result "1/2-1/2"]
[WhiteTitle "IM"]
[BlackTitle "GM"]
[WhiteElo "2453"]
[BlackElo "2643"]
[WhiteFideId "4114060"]
[BlackFideId "1710400"]
[EventDate "2016.12.17"]

1. d4 Nf6 2. Nf3 d5 3. c4 e6 4. Nc3 dxc4 5. e4 b5 6. e5 Nd5 7. Nxb5 Nb6 8. Be2
Be7 9. O-O Nc6 10. Be3 O-O 11. Rc1 Ba6 12. Nc3 Nb4 13. b3 cxb3 14. Bxa6 b2 15.
Rb1 Nxa6 16. Rxb2 Nb4 17. Nd2 N4d5 18. Nxd5 Qxd5 19. Rc2 Rac8 20. Qe2 c5 21.
dxc5 Bxc5 22. Bxc5 Rxc5 23. Rxc5 Qxc5 24. Nb3 Qa3 25. Rc1 h6 26. g3 Rc8 27.
Rxc8+ Nxc8 28. Qd2 Nb6 29. Qd8+ Kh7 30. Qd3+ Kg8 31. Qd8+ 1/2-1/2

[Event "European Blitz 2016"]
[Site "Tallinn EST"]
[Date "2016.12.18"]
[Round "19.19"]
[White "Chigaev, Maksim"]
[Black "Martinovic, Sasa"]
[Result "1-0"]
[WhiteTitle "GM"]
[BlackTitle "GM"]
[WhiteElo "2531"]
[BlackElo "2550"]
[WhiteFideId "4108116"]
[BlackFideId "14509792"]
[EventDate "2016.12.17"]

1. c4 e6 2. g3 d5 3. Bg2 dxc4 4. Nf3 a6 5. a4 Nf6 6. Qc2 Nc6 7. Qxc4 Be7 8. O-O
e5 9. Ng5 O-O 10. Bxc6 bxc6 11. Qxc6 Rb8 12. d3 Bb7 13. Qc4 Qd7 14. Nc3 a5 15.
Nge4 Nxe4 16. dxe4 Bd6 17. Be3 Qh3 18. f3 Bc8 19. Nb5 Be6 20. Qc2 Rfc8 21. Rad1
Bb4 22. Na7 Re8 23. Nc6 Ra8 24. Nxb4 axb4 25. Qxc7 h5 26. a5 h4 27. Bf2 hxg3 28.
Bxg3 f6 29. Ra1 Ra6 30. Qc5 Rea8 31. Qxb4 Qh6 32. Rfd1 Qe3+ 33. Kh1 Qxe2 34. Rf1
Bh3 35. Rf2 Qe3 36. Qc4+ Kh7 37. Qc3 Qa7 38. b4 Qb7 39. Rb2 Rc8 40. Qe1 Qb5 41.
Bxe5 Qxe5 42. Qh4+ Kg8 43. Qxh3 Rac6 44. Rbb1 Rd8 45. Rd1 Rb8 46. a6 Rc2 47. a7
Ra8 48. Qg3 Qb2 49. Rab1 Qa2 50. Rbc1 Kh7 51. Qh3+ Kg8 52. Rxc2 Qxc2 53. Qe6+
Kh7 54. Qf5+ Kh8 55. Qh5+ Kg8 56. Qd5+ Kh7 57. Ra1 Qb2 58. Qh5+ Kg8 59. Qd5+ Kh7
60. Qa2 Qc3 61. Kg2 Qe3 62. b5 Kh6 63. Qf2 Qb3 64. b6 Kh7 65. Kh1 Kg8 66. Rg1
Kh8 67. Qh4+ Kg8 68. Qxf6 1-0

[Event "European Blitz 2016"]
[Site "Tallinn EST"]
[Date "2016.12.18"]
[Round "19.20"]
[White "Luch, Michal"]
[Black "Jovanovic, Zoran"]
[Result "1/2-1/2"]
[WhiteTitle "IM"]
[BlackTitle "GM"]
[WhiteElo "2433"]
[BlackElo "2534"]
[WhiteFideId "1120042"]
[BlackFideId "14505320"]
[EventDate "2016.12.17"]

1. d4 d6 2. e4 Nf6 3. Nc3 e5 4. Nf3 Nbd7 5. Bc4 Be7 6. O-O O-O 7. a4 c6 8. h3 h6
9. Re1 Re8 10. b3 Qc7 11. Ba3 Nf8 12. Qd2 Ng6 13. Rad1 a6 14. dxe5 dxe5 15. Bxe7
Qxe7 16. Qd6 Qxd6 17. Rxd6 b5 18. Bf1 Bb7 19. g3 Kf8 20. Bg2 Red8 21. Rdd1 Ke7
22. Nd2 Nd7 23. Bf1 Nc5 24. f3 Nf8 25. b4 Nce6 26. Nb3 Nd7 27. Na5 Rab8 28. axb5
axb5 29. Ne2 Ba8 30. c3 Nb6 31. Nc1 Na4 32. Na2 Rdc8 33. Kf2 c5 34. Rc1 cxb4 35.
cxb4 Nd4 36. Rxc8 Rxc8 37. Rc1 Rxc1 38. Nxc1 g6 39. Ke3 Nc2+ 40. Kd2 Nxb4 41.
Bxb5 Nb6 42. Nc4 Nxc4+ 43. Bxc4 f5 44. exf5 gxf5 45. f4 Kf6 46. fxe5+ Kxe5 47.
Ke3 Nc2+ 48. Kd2 Nd4 49. Ke3 Nc2+ 1/2-1/2

[Event "European Blitz 2016"]
[Site "Tallinn EST"]
[Date "2016.12.18"]
[Round "19.21"]
[White "Motylev, Alexander"]
[Black "Sarana, Alexey"]
[Result "0-1"]
[WhiteTitle "GM"]
[BlackTitle "IM"]
[WhiteElo "2663"]
[BlackElo "2457"]
[WhiteFideId "4121830"]
[BlackFideId "24133795"]
[EventDate "2016.12.17"]

1. e4 c5 2. Nf3 d6 3. d4 cxd4 4. Nxd4 Nf6 5. Nc3 a6 6. h3 e5 7. Nde2 b5 8. Ng3
Qc7 9. Bd3 g6 10. O-O Bg7 11. Bg5 Nbd7 12. Re1 O-O 13. Nf1 b4 14. Nb1 Bb7 15.
Nbd2 d5 16. a3 dxe4 17. Nxe4 Nd5 18. axb4 Nxb4 19. Be7 Nxd3 20. Qxd3 Rfe8 21.
Bh4 Nc5 22. Qd6 Rac8 23. Qxc7 Rxc7 24. Nd6 Re6 25. Nxb7 Rxb7 26. b3 e4 27. Rad1
f5 28. Rd8+ Kf7 29. Red1 h6 30. Bg3 Bf6 31. Rc8 Rd7 32. Rxd7+ Nxd7 33. Ne3 Be5
34. Bxe5 Nxe5 35. Nd5 Rd6 36. c4 g5 37. Kf1 a5 38. Ra8 Nc6 39. Ra6 Ke6 40. Ke1
Ke5 41. Kd2 Nd4 42. Ra8 Nxb3+ 43. Kc3 a4 44. Rxa4 Nd4 45. Ra8 Ne2+ 46. Kd2 Nf4
47. Re8+ Kd4 48. Ne7 Kxc4+ 49. Kc2 Rf6 50. Rc8+ Kd4 51. Rd8+ Kc5 52. g3 Nxh3 53.
Rd5+ Kc4 54. Rxf5 Rxf5 55. Nxf5 Nxf2 56. Nxh6 Kd4 57. Nf5+ Ke5 58. Ne3 Nh1 59.
Nf1 Kd4 60. Kd2 Nf2 61. Ne3 Nd3 62. Nf5+ Ke5 63. Ne3 Nb4 64. Ke2 Nd5 65. Ng4+
Kd4 66. Nh6 Nc3+ 67. Kd2 e3+ 68. Kc2 Nd5 69. Nf5+ Ke4 70. g4 Kf3 71. Kd3 Nf4+
72. Kc4 e2 73. Nd4+ Kf2 74. Nxe2 Kxe2 75. Kd4 0-1

[Event "European Blitz 2016"]
[Site "Tallinn EST"]
[Date "2016.12.18"]
[Round "19.22"]
[White "Kantans, Toms"]
[Black "Bartel, Mateusz"]
[Result "0-1"]
[WhiteTitle "IM"]
[BlackTitle "GM"]
[WhiteElo "2454"]
[BlackElo "2641"]
[WhiteFideId "11602945"]
[BlackFideId "1112635"]
[EventDate "2016.12.17"]

1. e4 e5 2. Nf3 Nc6 3. d4 exd4 4. Nxd4 Bc5 5. Nb3 Bb6 6. Nc3 d6 7. a4 a6 8. Nd5
Ba7 9. Bd3 Nge7 10. O-O O-O 11. Re1 Be6 12. Be3 Bxe3 13. Rxe3 Ne5 14. h3 N7g6
15. Nd4 Bxd5 16. exd5 Qf6 17. Bxg6 hxg6 18. a5 g5 19. Rb3 Rab8 20. Ra4 Rfe8 21.
Rab4 Ng6 22. Rxb7 Rxb7 23. Rxb7 Nf4 24. Nf3 Qf5 25. Rxc7 Ne2+ 26. Kf1 g4 27.
hxg4 Qxg4 28. Qd2 Qh5 29. Ng1 Qh1 0-1

[Event "European Blitz 2016"]
[Site "Tallinn EST"]
[Date "2016.12.18"]
[Round "19.23"]
[White "Skytte, Rasmus"]
[Black "Turov, Maxim"]
[Result "0-1"]
[WhiteTitle "IM"]
[BlackTitle "GM"]
[WhiteElo "2390"]
[BlackElo "2594"]
[WhiteFideId "1404210"]
[BlackFideId "4120086"]
[EventDate "2016.12.17"]

1. e4 c5 2. c3 Nf6 3. e5 Nd5 4. d4 cxd4 5. Nf3 Nc6 6. Bc4 Nb6 7. Bb3 d5 8. exd6
e6 9. cxd4 Bxd6 10. O-O O-O 11. Nc3 Bd7 12. Qe2 Nb4 13. Ne5 Bc6 14. Rd1 Be7 15.
Bf4 N4d5 16. Bg3 Rc8 17. Ne4 Ba4 18. Bxa4 Nxa4 19. Nc4 Rxc4 20. Qxc4 Nxb2 21.
Qb3 Nxd1 22. Rxd1 Qb6 23. Rc1 Qxd4 24. Nd6 Bxd6 25. Bxd6 Rd8 26. Bc5 Qd2 27. Rf1
b6 28. Ba3 Qc3 29. Qa4 a5 30. g3 Qd3 31. Rd1 Qe2 32. Be7 b5 33. Qb3 a4 34. Qb1
Rc8 35. Bg5 h6 36. Bh4 g5 0-1

[Event "European Blitz 2016"]
[Site "Tallinn EST"]
[Date "2016.12.18"]
[Round "19.24"]
[White "Shkapenko, Pavel"]
[Black "Naiditsch, Arkadij"]
[Result "0-1"]
[WhiteTitle "IM"]
[BlackTitle "GM"]
[WhiteElo "2425"]
[BlackElo "2687"]
[WhiteFideId "4151933"]
[BlackFideId "4650891"]
[EventDate "2016.12.17"]

1. e4 c5 2. c3 d6 3. d4 Nd7 4. Nf3 g6 5. Bc4 e6 6. O-O Bg7 7. Re1 Ne7 8. a4 O-O
9. Bf1 Nc6 10. d5 exd5 11. exd5 Nce5 12. Na3 Re8 13. Bf4 a6 14. Nc4 Nxc4 15.
Bxc4 Rxe1+ 16. Qxe1 Nb6 17. Nd2 g5 18. Bg3 f5 19. f4 g4 20. Bh4 Bf6 21. Bxf6
Qxf6 22. a5 Nxc4 23. Qe8+ Qf8 24. Qxf8+ Kxf8 25. Nxc4 Rb8 26. Re1 Bd7 27. Nxd6
b6 28. axb6 Rxb6 29. Nc4 Rb3 30. Rb1 Be8 31. Nd2 Rb8 32. b4 cxb4 33. Rxb4 Rxb4
34. cxb4 Ke7 35. Nc4 Bb5 36. Ne3 Bd3 37. Kf2 Kd6 38. Kg3 Be4 39. Kh4 Bxd5 40.
Nxf5+ Kc7 41. Ne3 Bb3 42. f5 Kb6 43. Kxg4 Kb5 44. Kg5 Kxb4 45. Kf6 a5 46. Ke7 a4
47. f6 Kc3 48. f7 Bxf7 49. Kxf7 a3 50. Nd5+ Kb3 51. Nf6 a2 52. g4 h6 53. h4 a1=Q
54. g5 hxg5 55. hxg5 Qa7+ 56. Kg6 Kc4 57. Kh6 Qe3 58. Kg6 Kd4 59. Kf5 Qe5+ 60.
Kg6 Qf4 61. Ne8 Ke5 62. Ng7 Qg3 63. Nh5 Qg1 64. Nf6 Ke6 65. Nh7 Qb1+ 66. Kg7
Qb2+ 67. Kg6 Ke7 68. Nf6 Kf8 69. Nh7+ Kg8 70. Nf6+ Kh8 71. Kf7 Qb7+ 72. Kg6 Qe7
73. Kf5 Kg7 74. Nh5+ Kf7 75. g6+ Kf8 76. Nf6 Qc5+ 77. Ke6 Kg7 78. Nd7 Qc6+ 79.
Ke7 Qc7 80. Ke6 Kxg6 81. Ne5+ Kg7 82. Nd7 Qc6+ 83. Ke7 Qe4+ 84. Kd6 Qd3+ 85. Ke7
Qe2+ 86. Kd6 Kf7 87. Ne5+ Kf6 88. Nd7+ Kf5 89. Kd5 Qe6+ 0-1

[Event "European Blitz 2016"]
[Site "Tallinn EST"]
[Date "2016.12.18"]
[Round "19.25"]
[White "Maier, Christian"]
[Black "Jankovic, Alojzije"]
[Result "1-0"]
[WhiteTitle "IM"]
[BlackTitle "GM"]
[WhiteElo "2390"]
[BlackElo "2591"]
[WhiteFideId "4601955"]
[BlackFideId "14505959"]
[EventDate "2016.12.17"]

1. e4 c5 2. Nf3 e6 3. b4 cxb4 4. d4 d5 5. e5 Ne7 6. a3 Nec6 7. axb4 Bxb4+ 8. c3
Be7 9. Bd3 Nd7 10. O-O Nb6 11. Re1 Bd7 12. Qd2 a6 13. Qf4 Na7 14. Qg4 g6 15. h4
h5 16. Qg3 Rg8 17. Bg5 Bb5 18. Bc2 Nc6 19. Qf4 Qd7 20. Bxe7 Nxe7 21. Ng5 Nf5 22.
Nh7 O-O-O 23. Nf6 Qc7 24. Nxg8 Rxg8 25. g3 Kb8 26. Na3 Qxc3 27. Bxf5 gxf5 28.
Nxb5 axb5 29. Rec1 Qb4 30. Rab1 Qa4 31. Rc5 b4 32. Qd2 f4 33. Rxb4 Qa6 34. Rcb5
Nc4 35. Rxb7+ Ka8 36. Qc3 fxg3 37. fxg3 Na5 38. R7b5 Rc8 39. Qxc8+ 1-0